000 00309nam a2200121Ia 4500
008 190216s9999||||xx |||||||||||||| ||und||
100 _aJain S K&Amp; Mehta D M
245 0 _aOperations Research(Theory And Applications)
260 _bNull
_c2000
300 _a495p
650 _aOperation Research
942 _cBK
999 _c5764
_d5764